000 00598nam a2200205Ia 4500
003 0100
008 130227s9999 xx 000 0 und d
040 _cARRUPELIB
050 _aP95.82.Z55W56 1981
100 _aWindrich, Elaine
_923344
245 4 _aThe mass media in the struggle for Zimbabwe
260 _aGweru
260 _bMambo Press
300 _a112p.
300 _b 22cm.
440 _aSocio - Economic series No. 15
_923345
650 _aMass media
_xPolitical aspects
_zZimbabwe
_923346
650 _aMass media
_xCensorship
_xHistory
_zZimbabwe
_923347
942 _2lcc
_02
_cMONOGRAPH
999 _c4869
_d4869